A program for empowering pastors and local church leaders in Nekemte District to develop effective discipleship strategies for their churches / (Record no. 25126)

MARC details
000 -LEADER
fixed length control field 00666nam a22001937a 4500
003 - CONTROL NUMBER IDENTIFIER
control field AUA.1
005 - DATE AND TIME OF LATEST TRANSACTION
control field 20251027133715.0
008 - FIXED-LENGTH DATA ELEMENTS--GENERAL INFORMATION
fixed length control field 250701b |||||||| |||| 00| 0 eng d
040 ## - CATALOGING SOURCE
Transcribing agency JTL
100 ## - MAIN ENTRY--PERSONAL NAME
Personal name Biru, Daka Geremew.
245 ## - TITLE STATEMENT
Title A program for empowering pastors and local church leaders in Nekemte District to develop effective discipleship strategies for their churches /
Statement of responsibility, etc Daka Geremew Biru.
260 ## - PUBLICATION, DISTRIBUTION, ETC. (IMPRINT)
Date of publication, distribution, etc c2024.
300 ## - PHYSICAL DESCRIPTION
Extent ix, 128 leaves :
Other physical details Illustration :
Dimensions 30cm :
650 ## - SUBJECT ADDED ENTRY--TOPICAL TERM
Topical term or geographic name as entry element Christian life
650 ## - SUBJECT ADDED ENTRY--TOPICAL TERM
Topical term or geographic name as entry element Clergy
650 ## - SUBJECT ADDED ENTRY--TOPICAL TERM
Topical term or geographic name as entry element Christian leadership
650 ## - SUBJECT ADDED ENTRY--TOPICAL TERM
Topical term or geographic name as entry element Nekemte District, Ethiopia
942 ## - ADDED ENTRY ELEMENTS (KOHA)
Source of classification or shelving scheme AUA Inhouse Classification
Koha item type Project
Classification part MDiv
Item part .B57 2024
Holdings
Withdrawn status Lost status Source of classification or shelving scheme Damaged status Not for loan Collection code Home library Current library Shelving location Date acquired Cost, normal purchase price Serial Enumeration / chronology Total Checkouts Full call number Barcode Date last seen Cost, replacement price Price effective from Koha item type
    Library of Congress Classification     JTL Research Collection Judith Thomas Library Judith Thomas Library Judith Thomas Library Research Section 01/07/2025 25.00 AUA27910   MDiv .B57 2024 AUA27910 01/07/2025 25.00 01/07/2025 Project